000 01236cam a2200277 i 4500
003 SA-RiAUC
005 20250803070959.0
008 250722s2004 su g 00010dara c
020 _a9960880524
040 _aSA-RiIDS
_bara
_cSA-RiAUC
_erda
043 _aa-su---
082 0 4 _a953.165
090 _a953.165
_bع ا ك
100 1 _aعاكش، الحسن بن أحمد بن عبد الله،
_d1221-1289 هجري
_eمؤلف.
245 1 2 _aالديباج الخسرواني في أخبار أعيان المخلاف السليماني /
_cالحسن بن أحمد الضمدي ؛ حققه ودرسه وعلق عليه إسماعيل بن محمد البشري.
264 1 _aالرياض :
_bدارة الملك عبد العزيز،
_c2004
300 _a659 صفحة ؛
_c24 سم
336 _aنص
_btxt
_2rdacontent
_3كتاب
337 _aبدون وسيط
_bn
_2rdamedia
338 _aمجلد
_bnc
_2rdacarrier
651 7 _aجازان (السعودية)
_xتاريخ
_2aucsh
651 7 _aجازان (السعودية)
_vتراجم
_2aucsh
700 1 _aالبشري، إسماعيل بن محمد بن عبد الله،
_d1376 هجري-
_eمحقق.
942 _2ddc
_cBOOK
_n0
949 _aSA-JeALM
_d250722
_umohamedma123
_n1
999 _c10490
_d10490